Indie Video Game by the First Letter - Statistics

General Stats
  • This quiz has been taken 92 times
  • The average score is 3 of 26
Answer Stats
Letter Game % Correct
C Cuphead
78%
H Hollow Knight
75%
S Shovel Knight
23%
D Dead Cells
20%
A Among Us
14%
I Inscryption
11%
P Papers, Please
10%
R Risk of Rain
8%
F Fez
7%
V VVVVVV
6%
L Limbo
5%
G Gris
2%
O Oxenfree
2%
J Jazzpunk
1%
K Katana Zero
1%
N Nuclear Throne
1%
M The Messenger
1%
U Unravel
1%
B Brothers: A Tale of Two Sons
0%
E Ender Lilies
0%
Q Quantum Conundrum
0%
T Tchia
0%
W Warp
0%
X Xotic
0%
Y Year Walk
0%
Z ZanZarah
0%
No matching quizzes found
Score Distribution
Percent of People with Each Score
Percentile by Number Answered
Your Score History
You have not taken this quiz